000 00286nam a22001337a 4500
008 170512b xxu||||| |||| 00| 0 eng d
020 _atindame2209
041 _aeng
080 _28TH
_a94(7/8)
100 _a15
101 _aSHH
245 _aAMERICA
_cTINDALL, G.B
942 _2udc
_cBK
999 _c13326
_d13326